000 00322nam a22001457a 4500
008 210305b ||||| |||| 00| 0 eng d
020 _a0471064904
041 _aeng
080 _a004
082 _a004
100 _a28
101 _aSHKI
245 _aMicroprocessors, Microcomputers
_cKhambata, A.J
942 _2udc
_cBK
999 _c55858
_d55858